Statistics for Star Trek Quotes Quiz

Click here to take the quiz!

General Stats

  • This quiz has been taken 24,302 times
    (16,345 since last reset)
  • The average score is 12 of 16

Answer Stats

Who Said It Quote % Correct
SpockLive long and {prosper}
99%
Kirk{Beam} me up, Scotty
97%
IntroSpace... the Final {Frontier}
94%
The BorgResistance is {futile}
90%
KirkSet {phasers} to stun
82%
McCoyI'm a {doctor}, not a bricklayer
81%
Picard{Make} it so
81%
KlingonsIt is a good day {to} {die}
78%
Various CaptainsCaptain's log, {stardate} ….
75%
IntroTo {boldly} {go} where no man
has gone before
75%
McCoyHe's {dead}, Jim
74%
SpockIt would be {illogical} to kill
without reason
67%
ScottyI'm {giving} {her} all she's got, Captain!
65%
The BorgPrepare to be {assimilated}
59%
ChekovIt's a {Russian} invention
34%
DataI just love scanning for {lifeforms}
33%

Score Distribution

Percentile by Number Answered

Percent of People with Each Score

Your Score History

You have not taken this quiz since the last reset